00579nam a22001937a 450000500170000000800410001702000180005804000210007604100080009708200160010510000310012124500900015225000120024226000330025430000100028765000270029770000330032470000280035720230822130034.0230822b ||||| |||| 00| 0 eng d a9788192058504 aIN-DiNCcIN-DiNC dasm a303.44bBOR aBorgohain, Himantaeauthor aUnnayanar punar chinta/cby Himanta Borgohain, Trailukya Dihingiya and Lakhimi Baruah a2nd ed. aDibrugarh:bBanalata,c2022. a208p. aRethinking development aDihingiya, Trailukyaeauthor aBaruah, Lakhimieauthor